How to write and publish a scientific paper /

Guardado en:
Autor Principal: Day, Robert A., 1924-
Formato: Libro
Idioma:English
Publicado: Philadelphia : ISI Press, c1983.
Edición:2nd ed.
Series:The Professional writing series
Materias:
Etiquetas: Agregar Etiqueta
Sin Etiquetas, Sea el primero en etiquetar este registro!
LEADER 00827cam a2200265 a 4500
001 EIQ.libpla004466
008 830418s1983####paua#####b####001#0#eng##
005 20140724152436.0
245 1 0 |a How to write and publish a scientific paper /  |c Robert A. Day. 
250 |a 2nd ed. 
260 |a Philadelphia :  |b ISI Press,  |c c1983. 
300 |a xv, 181 p. :  |b il. ;  |c 24 cm. 
440 4 |a The Professional writing series 
504 |a Bibliografía: p. 173-174. 
500 |a Incluye índice. 
020 |a 0894950215 :  |c $17.95 
020 |a 0894950223 (pbk.) :  |c $11.95 
100 1 |a Day, Robert A.,  |d 1924- 
082 0 0 |a 808.0665  |2 19 
650 0 |a Technical writing 
650 0 |a Escritura técnica 
010 |a  83008460  
040 |a DLC  |c DLC  |d DLC 
050 0 0 |a T11  |b .D33 1983 
859 |a AR-BbSID  |b BIB. PLAPIQUI  |h 808.0665  |i D33  |p 3679